Statistics for Movies with Landforms in the Name

Click here to take the quiz!

General Stats

  • This quiz has been taken 39,464 times
  • The average score is 12 of 20

Answer Stats

Star Movie % Correct
Jeff GoldblumJurassic {Park}
99%
George Clooney{Ocean}'s Eleven
98%
Heath LedgerBrokeback {Mountain}
96%
Ben AffleckPearl {Harbor}
94%
Julia RobertsNotting {Hill}
92%
Brendan FraserGeorge of the {Jungle }
87%
Leonardo DiCaprioShutter {Island}
85%
Sylvester Stallone{Cliff}hanger
68%
Quentin Tarantino (director){Reservoir} Dogs
63%
Robert De Niro{Cape} Fear
61%
Brooke ShieldsBlue {Lagoon}
57%
Katharine HepburnOn Golden {Pond}
49%
Meryl StreepThe {River} Wild
49%
Tom HanksJoe vs. the {Volcano}
48%
Leonardo DiCaprioThe {Beach}
41%
Clint EastwoodHigh {Plains} Drifter
38%
Harrison FordThe Mosquito {Coast }
29%
Chuck NorrisThe {Delta} Force
28%
Wes Craven (director){Swamp} Thing
27%
Lindsay LohanA {Prairie} Home Companion
27%

Score Distribution

Percentile by Number Answered

Percent of People with Each Score

Your Score History

You have not taken this quiz